Longest Borders on Islands - Statistics

General Stats
  • This quiz has been taken 99 times
  • The average score is 6 of 7
Answer Stats
Length Both Bordering Countries Island % Correct
360 km (220 mi) Dominican Republic - Haiti Hispaniola
97%
1,782 km (1,107 mi) Indonesia - Malaysia Borneo
94%
499 km (310 mi) Ireland - United Kingdom Ireland
94%
820 km (510 mi) Indonesia - Papua New Guinea New Guinea
92%
381 km (237 mi) Brunei - Malaysia Borneo
88%
228 km (142 mi) East Timor - Indonesia Timor
77%
(approx 150 mi) Argentina - Chile Tierra del Fuego
38%
No matching quizzes found
Score Distribution
Percent of People with Each Score
Percentile by Number Answered
Your Score History
You have not taken this quiz